| 000 | 00981cam a2200265Ma 4500 | ||
|---|---|---|---|
| 005 | 20180622105854.0 | ||
| 008 | 140905s2001 xxu fr 001 0 eng d | ||
| 020 | _a0313315892 | ||
| 020 | _a9780313315893 | ||
| 040 |
_aCO-BoUCM _bspa _cJose A. Gerena _dJose A. Gerena |
||
| 041 | 0 | _aeng | |
| 060 | _aWL 385 | ||
| 100 | 1 |
_aFriedlander, Walter J. _964264 |
|
| 245 | 1 | 4 |
_aThe history of modern epilepsy _bthe beginning, 1865-1914 _cWalter J. Friedlander |
| 260 |
_aWestport (Connecticut, Estados Unidos) _bGreenwood Press _c2001 |
||
| 300 | _ax, 295 páginas | ||
| 490 | 1 |
_aContributions in medical studies _v454 |
|
| 504 | _aIncluye referencias bibliográficas | ||
| 650 | 7 |
_aEpilepsia _xHistoria _914669 |
|
| 650 | 7 |
_aEnfermedades del sistema nervioso _xHistoria _914383 |
|
| 650 | 7 |
_aEpilepsia _xDiagnóstico _xHistoria _914669 |
|
| 650 | 7 |
_aEpilepsia _xTratamiento _xHistoria _914669 |
|
| 690 |
_942886 _aNeurología |
||
| 942 |
_2NLM _a15 _cLIBRO _e1 _hWL 385 _mF911 _n0 |
||
| 999 |
_c296523 _d296523 |
||